=LDR 00000nam 2200000 4500 =001 INLIS000000000053418 =005 20230606120915 =035 ##$$a 0010-1018000033 =007 ta =008 230606###########################0#ind## =020 ##$$a 979-99011-8-9 =082 ##$$a 378.2 =084 ##$$a 378.2 ZUL s =100 #$$a Zulkarnain, Iskandar =245 1#$$a Siasat & Langkah Sukses Menyususn Skripsi : $b Cerdik Cerdas Skripsi /$c Iskandar Zulkarnain =260 ##$$a Yogyakarta :$b Pinus,$c 2010 =300 ##$$a 140 hlm ; $c 21 cm. =990 ##$$a 24.134 pb.2011